Statistiken für Bayer Leverkusen - Torschützen 2014/15

Klicken Sie hier um das Quiz zu spielen!

Allgemein

  • Dieses Quiz wurde 48 mal gespielt
  • Das Durchschnittsergebnis liegt bei 6 aus 15

Antwortstatistiken

ToreSpieler% Korrekt
9Stefan Kießling
95%
1Lars Bender
72%
12Karim Bellarabi
63%
1Simon Rolfes
53%
4Julian Brandt
51%
1Wendell
51%
11Heung-Min Son
49%
2Gonzalo Castro
44%
1Ömer Toprak
33%
8Hakan Çalhanoğlu
26%
6Josip Drmić
21%
2Tin Jedvaj
21%
1Emir Spahić
16%
1Stefan Reinartz
16%
2Kyriakos Papadopoulos
14%

Verteilung der Resultate

Perzentil nach korrekt beantworteten Fragen

Anzahl Personen mit jedem Resultat

Ihre Resultats-Entwicklung

Sie haben dieses Quiz noch nicht gespielt